| 000 | 00356nam a22001337a 4500 | ||
|---|---|---|---|
| 020 | _a9781466511736 | ||
| 082 |
_a664.02853 _bCRA/FO |
||
| 100 |
_aCramer,Michael M. _9973 |
||
| 245 | _aFood Plant Sanitation: Design, Maintenance, and Good Manufacturing Practices | ||
| 250 | _a2 nd | ||
| 260 |
_aBoca Raton _bCRC Press _c2013 |
||
| 300 | _a291 | ||
| 942 | _cREF | ||
| 999 |
_c14561 _d14561 |
||